000
00317nam a2200133Ia 4500
003
GCL
008
140319s9999 xx 000 0 eng d
040
_a
GCL /
_c
GCL
082
0
4
_a
302
_b
H S
100
1
_a
HARRE, ROM
245
1
0
_a
SOCIAL BEING /
_c
HARRE, ROM
260
_a
[S.N] :
_b
BLACK WELL ،
_c
1993
300
_a
288 P
999
_c
19595
_d
19595